000 00246nam a2200097Ia 4500
008 240331s9999 xx 000 0 und d
082 _bTHI
100 _aThillainadarajah, S
245 0 _aKalyanam mudiththup par :
_bsirippu chiththirangal
942 _cL
999 _c3860
_d3860